Human development report: The rise of the south (Record no. 14884)

MARC details
000 -LEADER
fixed length control field 00871nam a2200301Ia 4500
003 - CONTROL NUMBER IDENTIFIER
control field OSt
005 - DATE AND TIME OF LATEST TRANSACTION
control field 20220912144645.0
008 - FIXED-LENGTH DATA ELEMENTS--GENERAL INFORMATION
fixed length control field 220909b |||||||| |||| 00| 0 eng d
020 ## - INTERNATIONAL STANDARD BOOK NUMBER
International Standard Book Number 9789332700109 (pbk)
020 ## - INTERNATIONAL STANDARD BOOK NUMBER
International Standard Book Number SL01560320
037 ## - SOURCE OF ACQUISITION
Terms of availability Textbook
040 ## - CATALOGING SOURCE
Original cataloging agency CSL
Language of cataloging eng
Transcribing agency CSL
041 ## - LANGUAGE CODE
Language code of text/sound track or separate title eng
245 #0 - TITLE STATEMENT
Title Human development report: The rise of the south
260 ## - PUBLICATION, DISTRIBUTION, ETC.
Place of publication, distribution, etc. New York
Name of publisher, distributor, etc. UNDP
Date of publication, distribution, etc. 2013
300 ## - PHYSICAL DESCRIPTION
Extent ix,202p.
500 ## - GENERAL NOTE
General note References 131-138p.; Statistical annex 140- 202p.
650 ## - SUBJECT ADDED ENTRY--TOPICAL TERM
Topical term or geographic name entry element Human development
650 ## - SUBJECT ADDED ENTRY--TOPICAL TERM
Topical term or geographic name entry element Anthropology
700 ## - ADDED ENTRY--PERSONAL NAME
Personal name Sudarshan S
942 ## - ADDED ENTRY ELEMENTS (KOHA)
Classification part Y7:7, P3;Q3 TY
Koha item type Textbook
Source of classification or shelving scheme Colon Classification (CC)
Holdings
Withdrawn status Lost status Damaged status Not for loan Home library Current library Date acquired Source of acquisition Total Checkouts Full call number Barcode Date last seen Price effective from Koha item type
        Central Science Library Central Science Library 2022-09-12 40, 21/06/2013, N R Book Distributors   Y7:7 P3;Q3 TY SL1560320 2022-09-12 2022-09-12 Textbook
Copyright @ Delhi University Library System